00488nam a2200193 a 4500001001300000003000900013005001700022008004100039020000900080082001300089100001800102245003100120260005000151300000900201500003500210505001700245650001400262700001800276nice12345678IN_TiNIC20260116011417.0050524s1967 lona grp 000 0 eng  ac2700a923bCAN aCanning, John aHundred Great Modern Lives aLong Acre, LondonbOdhams Books Limitedc1967 a640p aincludes index and biblioraphy2 aillustration aBiography1 aCanning, John